| 000 | 00995nam a22002777a 4500 | ||
|---|---|---|---|
| 001 | 8601 | ||
| 003 | FISKH | ||
| 005 | 20251002132038.0 | ||
| 008 | 251002b cb ||||| |||| 00| 0 eng d | ||
| 020 | _a9789814230049 | ||
| 040 |
_aFISKH _beng _cFISKH _dFISKH |
||
| 050 | _aPZ7 | ||
| 082 | _a398.2 | ||
| 100 |
_a Aesop _eAuthor |
||
| 245 |
_aThe ants and the grasshoppers : _band other stories |
||
| 260 |
_aPenang : _bSDN. BHD , |
||
| 300 |
_a16 pages _bcolor illustrations _c17 cm |
||
| 505 | _aH | ||
| 520 | _aReaders will see how the ant's good work ethic pays off, while the grasshopper still has a lot to learn. Endearing illustrations bring these two relatable characters to life. Even reluctant readers will enjoy this classic story and its touching moral of friendship and hard work. | ||
| 521 | 8 |
_a530
_bLexile estimate |
|
| 521 | 8 |
_aH
_bRaz-Plus |
|
| 650 |
_aFriendship _vHard work |
||
| 650 |
_aManagement _vResponsibility |
||
| 942 |
_2ddc _cBK _n0 |
||
| 999 |
_c8601 _d8601 |
||